Welcome to CU Library Online Public Access Catalogue (OPAC)

DOES GOD SPEAK TODAY? (Record no. 6962)

MARC details
000 -LEADER
fixed length control field 00384nam a22001457a 4500
005 - DATE AND TIME OF LATEST TRANSACTION
control field 20250714155002.0
008 - FIXED-LENGTH DATA ELEMENTS--GENERAL INFORMATION
fixed length control field 250714b |||||||| |||| 00| 0 eng d
020 ## - INTERNATIONAL STANDARD BOOK NUMBER
International Standard Book Number 9780340510926
050 ## - LIBRARY OF CONGRESS CALL NUMBER
Classification number BT 120
Item number PYT
100 ## - MAIN ENTRY--PERSONAL NAME
Personal name PYTCHES, DAVID
245 ## - TITLE STATEMENT
Title DOES GOD SPEAK TODAY?
Statement of responsibility, etc. DAVID PYTCHES
260 ## - PUBLICATION, DISTRIBUTION, ETC.
Place of publication, distribution, etc. LONDON
Name of publisher, distributor, etc. HODDER AND STOUGHTON
Date of publication, distribution, etc. c1989
300 ## - PHYSICAL DESCRIPTION
Extent vii,; 102p;
942 ## - ADDED ENTRY ELEMENTS (KOHA)
Source of classification or shelving scheme Library of Congress Classification
Koha item type Books
Suppress in OPAC No
999 ## -
-- 6962
-- 6962
Holdings
Withdrawn status Lost status Source of classification or shelving scheme Damaged status Not for loan Collection Home library Current library Shelving location Date acquired Total checkouts Full call number Barcode Date last seen Copy number Price effective from Koha item type
    Library of Congress Classification     Non-fiction Undergraduate Library (Christ Temple) Undergraduate Library (Christ Temple) General stacks 07/14/2025   BT 102 PYT ulct00003842 07/14/2025 1 07/14/2025 Books
© 2023-2024 Copyright: Central University Libraries. All Rights Reserved | Created by: Mahone Tech Office